000 01884cam a22004574i 4500
003 PE-LiUPU
005 20250731172727.0
008 150617s1977 miu r 000 0 spa d
035 _a(Sirsi) a11357
040 _aPE-LiUPU
_bspa
_cPE-LiUPU
_erda
049 _aPRUA
082 0 4 _a220.9
_bP36
_221
100 1 _aPfeiffer, Charles F.,
_eautor.
245 1 0 _aAtlas Bíblico de Bolsillo /
_cCharles F. Pfeiffer.
264 1 _aMiami :
_bEditorial Vida,
_c1977.
300 _a123 páginas ;
_c18 centímetros
336 _atext
_2rdacontent
337 _aunmediated
_2rdamedia
338 _avolume
_2rdacarrier
505 0 _aEl mundo de la Biblia -- La tierra de Canaán -- Los viajes de los patriarcas -- A Egipto y vuelta a Canaán -- La época de Josué y de los jueces -- La monarquía: Saúl, David y Salomón -- El reino dividido: Israel y Judá -- El exilio y el retorno -- Alejandro y sus sucesores en las tierras bíblicas -- La era herodiana y la Palestina del Nuevo Testamento -- Los viajes de Pablo -- Las iglesias del Asia Menor -- Desde los días neotestamentarios.
526 _aSEG42
526 _aSEG41
526 _aSEG40
526 _aSEG39
526 _aP94
526 _aP87
526 _aP86
526 _aP85
526 _aP77
526 _aP76
526 _aP35
650 1 4 _aAtlas bíblico.
650 2 4 _aGeografía biblica.
910 _ajck
_bjvq
_cjck
_d20150616
942 _2ddc
_cBOOK
949 _a220.9 P36
_wDEWEY
_c1
_i19839
_lCCODEBUL1
_mBUL
_p00.00
_r0
_sY
_tBOOK
_u19811105
_xTEOLOGIA
_PP35
_0COMPRA
_o.STAFF. Colección General
994 _aC0
_bPEPRU
596 _a1
999 _a220.9 P36
_wDEWEY
_c1499
_i19839
_d1499
_e2016-9-21
_f2021-11-9
_g5
_lCCODEBUL1
_mBUL
_n1
_p13.00
_q3
_r0
_sY
_tBOOK
_u2015-6-17
_xTEOLOGIA
_PP35
_0COMPRA
_o.STAFF. Colección Teología
980 _81
_gALBERTO SANCHEZ Responsable de Automatización